Dynamic digital marketing : Master the world of online and social media marketing to grow your business

This book presents an 8-step framework for building a successful digital marketing strategy. It covers SEO, social media, content creation, email marketing, analytics, influencer marketing, and more. Drawing on over 20 years of experience, author Dawn McGruer guides readers through proven methods to...

সম্পূর্ণ বিবরণ

সংরক্ষণ করুন:
গ্রন্থ-পঞ্জীর বিবরন
প্রধান লেখক: McGruer, Dawn
বিন্যাস: গ্রন্থ
ভাষা:Vietnamese
প্রকাশিত: UK Wiley 2020
সংস্করন:1st ed.
বিষয়গুলি:
ট্যাগগুলো: ট্যাগ যুক্ত করুন
কোনো ট্যাগ নেই, প্রথমজন হিসাবে ট্যাগ করুন!
Thư viện lưu trữ: Thư viện Trường Đại học Nam Cần Thơ
LEADER 01249nam a22002177a 4500
001 NCT_4_017899
008 250412b xxu||||| |||| 00| 0 vie d
999 |c 8858  |d 8858 
020 |a 9781119635888  |c 1031000 
082 0 4 |2 23rd ed.  |a 658.8  |b M147 
100 1 |a McGruer, Dawn 
245 1 0 |a Dynamic digital marketing :   |b Master the world of online and social media marketing to grow your business  |c Dawn McGruer 
250 |a 1st ed. 
260 |a UK  |b Wiley  |c 2020 
300 |a xxviii, 412 p.  |b ill.  |c 24 cm 
504 |a Includes bibliographical references and index 
520 3 |a This book presents an 8-step framework for building a successful digital marketing strategy. It covers SEO, social media, content creation, email marketing, analytics, influencer marketing, and more. Drawing on over 20 years of experience, author Dawn McGruer guides readers through proven methods to generate leads, boost brand visibility, and convert prospects into loyal customers. 
653 |a Truyền thông đa phương tiện 
942 |2 ddc  |c BK 
952 |0 0  |1 0  |2 ddc  |4 0  |6 658_800000000000000_M147  |7 0  |9 30511  |a 000001  |b 000001  |d 2025-04-12  |o 658.8 M147  |p MD.23691  |r 2025-04-12  |v 999999.99  |w 2025-04-12  |y BK 
980 |a Thư viện Trường Đại học Nam Cần Thơ